000 00407nam a2200145Ia 4500
008 230917s9999||||xx |||||||||||||| ||und||
040 _e23005
_aMAIN
041 _aEnglish
082 _a301.426 Z19P
100 _aZatuchni, GeraldI, ed.
245 0 _aPast-partum family planning: A report on the international programme
260 _aNew York
_bMcGraw-Hill
_c1970
300 _axxx, 4777 p.
942 _cBK
999 _c201918
_d201918